Techniques of sample preparation for liquid scintillation counting. Pt 1. (Record no. 39358)

MARC details
000 -LEADER
fixed length control field 00585nam a2200193Ia 4500
082 ## - DEWEY DECIMAL CLASSIFICATION NUMBER
Classification number 577.1:577.2
Item number FOX
100 ## - MAIN ENTRY--AUTHOR NAME
Personal name FOX, Brian W
245 #0 - TITLE STATEMENT
Title Techniques of sample preparation for liquid scintillation counting. Pt 1.
260 ## - PUBLICATION, DISTRIBUTION, ETC. (IMPRINT)
Place of publication Amsterdam
Name of publisher North-Holland
Year of publication 1976
490 ## - SERIES STATEMENT
Series statement Laboratory techniques in biochemistry and molecular biology 5
650 ## - SUBJECT ADDED ENTRY--TOPICAL TERM
Topical Term Animal tissue
650 ## - SUBJECT ADDED ENTRY--TOPICAL TERM
Topical Term Chromatography
650 ## - SUBJECT ADDED ENTRY--TOPICAL TERM
Topical Term Counting systems
650 ## - SUBJECT ADDED ENTRY--TOPICAL TERM
Topical Term Geophysics
650 ## - SUBJECT ADDED ENTRY--TOPICAL TERM
Topical Term Macromolecules
650 ## - SUBJECT ADDED ENTRY--TOPICAL TERM
Topical Term Spectrometry
942 ## - ADDED ENTRY ELEMENTS (KOHA)
Koha item type Books
Holdings
Withdrawn status Lost status Damaged status Not for loan Home library Current library Date acquired Full call number Accession Number Koha item type
        RRII Library RRII Library 16/12/2021 577.1:577.2 FOX 19693 Books